| 000 | 00631nam a2200229Ia 4500 | ||
|---|---|---|---|
| 005 | 20250508165018.0 | ||
| 008 | 008 250505s9999 xx 000 0 hin d | ||
| 020 | _a81-86684-41-7 | ||
| 037 | _aTextBook | ||
| 040 |
_aFEDL _beng _cFEDL |
||
| 041 |
_ahin _2hin |
||
| 084 |
_a155.4, MAT/R _qFEDL |
||
| 100 | _aMathews Gaireth B | ||
| 245 | 0 | _aBachho se baatcheet | |
| 260 |
_aNew Delhi, India _bGranth Shilpi _c1999 |
||
| 300 | _axv,96p | ||
| 365 |
_aINR _b125 |
||
| 546 | _aAcc No. 086274 and 86275 are MACESE books | ||
| 650 | _aChild Psychology | ||
| 942 |
_cTB _h155.4, MAT/R |
||
| 999 |
_c1392645 _d1392645 |
||